All Queen Naija Songs - Statistics

General Stats
  • This quiz has been taken 62 times
    10 since last reset
  • The average score is 41 of 54
Answer Stats
Album Song % Correct
Queen Naija Karma
100%
missunderstood Lie to Me
100%
Queen Naija Medicine
100%
missunderstood Pack Lite
100%
Queen Naija Bad Boy
88%
missunderstood Bitter
88%
missunderstood...still Bitter
88%
Queen Naija Butterflies
88%
missunderstood Butterflies Pt.2
88%
missunderstood...still Butterflies Pt. 2
88%
Single #5 Hate Our Love
88%
missunderstood I'm Her
88%
missunderstood...still I'm Her
88%
Queen Naija Mama's Hand
88%
missunderstood...still Set Him Up
88%
Single #3 Away from You
75%
missunderstood Beautiful
75%
missunderstood...still Beautiful
75%
missunderstood Dream
75%
missunderstood...still Dream
75%
missunderstood Five Seconds
75%
missunderstood...still Five Seconds
75%
Single #2 Good Morning Text
75%
missunderstood Intro
75%
missunderstood...still Intro
75%
Single #6 Let's Talk About It
75%
missunderstood Love Language
75%
missunderstood...still Love Language
75%
Single #8 No Fake Love
75%
missunderstood...still Passionate
75%
missunderstood Pressure
75%
missunderstood...still Pressure
75%
missunderstood...still Supa Vibe
75%
missunderstood Too Much to Say
75%
missunderstood...still Too Much to Say
75%
missunderstood Trial and Error
75%
missunderstood...still Trial and Error
75%
Single War Cry
75%
missunderstood Without You
75%
missunderstood...still Without You
75%
missunderstood Bitter Skit
63%
missunderstood...still Bitter Skit
63%
missunderstood...still Empty (Interlude)
63%
missunderstood...still Insecure
63%
missunderstood...still Love Is...
63%
Single #4 More Love
63%
missunderstood One Time
63%
missunderstood...still One Time
63%
missunderstood Pretend
63%
missunderstood...still Pretend
63%
missunderstood Say What You Mean
63%
missunderstood...still Say What You Mean
63%
Single #7 Words of Affirmation
50%
missunderstood...still Pack Life
13%
No matching quizzes found
Score Distribution
Percent of People with Each Score
Percentile by Number Answered
Your Score History
You have not taken this quiz since the last reset